| 000 | 01349nam a2200289 a 4500 | ||
|---|---|---|---|
| 001 | 000041060 | ||
| 003 | DO-SdBNP | ||
| 005 | 20210827100928.0 | ||
| 008 | 090701s2009 dr ac r 000 0dspa d | ||
| 040 |
_aDO-SdBNP _bspa _cBNPHU |
||
| 082 |
_aBNPHU PD 021.7 _bF356d, 2009 |
||
| 111 | 2 |
_aFeria Internacional del Libro _n(12ª : _d2009 : 20 de abril al 3 de mayo _cSanto Domingo, República Dominicana) _967554 |
|
| 245 | 1 | 0 |
_aXII Feria Internacional del Libro Santo Domingo 2009 : _bprograma. |
| 246 | 3 | 0 | _aDoceava Feria Internacional del Libro Santo Domingo 2009 |
| 260 |
_aSanto Domingo : _bDirección General de la Feria del Libro, _c2009. |
||
| 300 |
_a239 p. : _bil., retrs. ; _c24 cm. |
||
| 500 | _aPaís invitado de honor: Brasil, dedicada a Juan Bosch. | ||
| 500 | _aA la cabeza de la portada: Leer te eleva. | ||
| 500 | _aEn homenaje a Juan Bosch, en el primer centenario de su nacimiento | ||
| 590 | _aInventariado,2018/DG | ||
| 611 | 2 | 4 |
_aFeria Internacional del Libro _n(12ª : _d2009 : _cSanto Domingo, República Dominicana) _xProgramas _967555 |
| 650 | 1 | 4 |
_aIndustria del libro _zRepública Dominicana _xProgramas _955292 |
| 650 | 1 | 4 |
_aFeria del libro _zRepública Dominicana _y2009 _xProgramas _967556 |
| 650 | 1 | 4 |
_aLibros _xExposiciones _zRepública Dominicana _933375 |
| 910 | _aValidado. Control de calidad. EMS | ||
| 942 |
_2ddc _cLBS1 |
||
| 999 |
_c40550 _d40550 |
||